00259nam a2200109Ia 4500008004100000100001900041245003000060260002400090650001300114942000700127999001500134190216s9999||||xx |||||||||||||| ||und|| aMadhavamenon C 0aCommercial Correspondence bPaico Pub.House Ekm aCommerce cBK c3926d3926